Πρόγραμμα του ΚΚΕ : (σχέδιο)

Αποθηκεύτηκε σε:
Λεπτομέρειες βιβλιογραφικής εγγραφής
Συγγραφή απο Οργανισμό/Αρχή: Κομμουνιστικό Κόμμα Ελλάδος
Μορφή: Βιβλίο
Γλώσσα:Greek
Δημοσίευση: [χ.τ.] : Έκδοση της Κεντρικής Επιτροπής του Κομμουνιστικού Κόμματος της Ελλάδας, 1954.
Θέματα:
Ετικέτες: Προσθήκη ετικέτας
Δεν υπάρχουν, Καταχωρήστε ετικέτα πρώτοι!

MARC

LEADER 00000cam a2200000 a 4500
001 1/114151
008 170525s1954####xx | ||| |||| ||gre||
040 |a GR-MyUa  |b gre  |c GR-MyUa  |e AACR2 
041 0 |a gre 
082 7 |a 320.53209495   |2 (23) 
110 2 |a Κομμουνιστικό Κόμμα Ελλάδος. 
245 1 0 |a Πρόγραμμα του ΚΚΕ :   |b (σχέδιο) /   |c [Κομμουνιστικό Κόμμα Ελλάδας]  
260 |a [χ.τ.] :   |b Έκδοση της Κεντρικής Επιτροπής του Κομμουνιστικού Κόμματος της Ελλάδας,   |c 1954.  
300 |a 87 σ. ;   |c 21 εκ.  
506 1 |a Μόνο για ανάγνωση. Βρίσκεται σε ειδικό ράφι. Διαθέσιμο εάν ζητηθεί.  
610 2 0 |a Κομμουνιστικό Κόμμα Ελλάδος. 
650 0 |a Communism  |z Greece  |x History. 
852 |a INST  |b LESVOS  |e 20170529  |h 320.53209495 ΚΟΜ  |p 005100059436  |q 005100059436  |t BK  |y 0 
970 |a Τζαφέρη  |b Ευαγγελία  |z 29-05-2017